00325nam a2200121Ia 4500008004100000100002300041245008600064260001200150260001100162260000900173300000700182650001400189160109s9999 xx 000 0 und d10aVanlangenberg,J.A. 4aThe Analysis of Toxic and Harmful Phthalates present in Erasers sold in Sri Lanka aColombo bIchemc c2014 a47 aPhthlates